000 00236nam a2200097Ia 4500
008 240331s9999 xx 000 0 und d
082 _a303.6
_bBAN
100 _aBanks, M
245 0 _aEthnicity :
_b anthropological constructions
942 _cL
999 _c1237
_d1237